[Event "RUS-chT Blitz Men 2018"]
[Site "Sochi"]
[Date "2018.10.10"]
[Round "3"]
[White "Girshgorn, Leonid"]
[Black "Ozgibcev, Anatoly"]
[Result "1/2-1/2"]
[WhiteElo "1925"]
[BlackElo "2368"]
[Annotator "TA"]
[PlyCount "168"]
[EventDate "2018.10.10"]
[EventType "swiss"]
[EventCountry "RUS"]
[SourceTitle "playchess.com"]
[Source "ChessBase"]
[SourceQuality "1"]

{[%evp 13,168,15,12,9,14,10,87,81,89,37,35,37,46,47,41,25,30,14,33,4,10,0,0,0,0,0,0,0,83,64,89,59,74,0,79,0,17,0,71,59,130,132,163,127,139,83,152,133,167,164,193,195,172,162,352,329,329,249,325,263,329,319,368,204,410,339,212,0,401,212,320,289,710,518,535,503,487,478,796,766,586,0,450,0,470,426,12822,1040,12825,268,268,0,12832,249,197,-73,7,0,0,0,0,0,0,0,0,0,0,0,0,0,0,0,0,0,0,0,0,0,0,0,0,0,0,0,0,0,0,0,0,0,0,0,0,0,0,0,0,0,0,0,0,0,0,0,0,0,0,0,0,0,0,0,0,0,0,0,0]} 1. d4 Nf6 2. Bf4 d5 3. e3 c6 4. c4 e6 5. Nc3 Bd6 6. Bxd6 Qxd6 7. Nf3 Nbd7 {LiveBook: 3 Games} 8. Be2 {D35: Queen's Gambit Declined: Exchange Variation} (8. Qc2 O-O 9. Bd3 h6 10. O-O dxc4 11. Bxc4 e5 12. Rad1 Qe7 13. Nh4 Qb4 14. Bb3 Kh8 15. Nf5 Kg8 16. Nxh6+ gxh6 {1-0 (28) Sedlak,N (2622)-Marcetic,N (2314) Belgrade 2014}) 8... O-O 9. O-O e5 (9... b6 $11 {remains equal.}) 10. dxe5 $1 $16 {White is better.} Nxe5 11. Nxe5 $146 (11. Qd4 $16 Nxf3+ 12. Bxf3) ({Predecessor:} 11. cxd5 cxd5 12. e4 Be6 13. exd5 Bxd5 14. Nxd5 Nxd5 15. Qd2 Nxf3+ 16. Bxf3 Rad8 17. Rad1 Rfe8 18. Qxd5 Qe7 19. Qb3 Rxd1 20. Qxd1 {1-0 (31) Ennen,A-Dibowski,F Germany 1999}) 11... Qxe5 $14 12. cxd5 Nxd5 13. Nxd5 cxd5 14. Qd2 Be6 15. Rac1 Rfc8 16. Rxc8+ Rxc8 17. Rc1 Rxc1+ 18. Qxc1 d4 19. Qd2 Bxa2 20. exd4 Qc7 (20... Qf5 $11) 21. Bf3 (21. d5 {feels hotter.} Qd7 22. Bf3 Bb3 23. h3 b6 24. Qd3) 21... h6 22. h3 (22. d5 {is interesting.} Qd7 23. Qd3 Qa4 24. h3 b6 25. d6) 22... b6 23. Qe3 (23. d5 $16) 23... Qd8 (23... Be6 $11) 24. Qe5 ({White should play} 24. d5 $16) 24... f6 25. Qf4 Bf7 (25... Bd5 $11) 26. d5 $1 $16 {[%cal Bd4d5,Bd5d6][%mdl 32]} a5 (26... Qe8 $14) 27. d6 Kf8 28. Bc6 $36 {[%mdl 2048] Keeping Black busy.} Be6 29. Bb5 (29. Qd4 $142) 29... Kf7 ({Black should try} 29... Bd7 30. Bxd7 Qxd7) 30. Qd4 Kf8 31. b4 axb4 32. Qxb4 Kf7 33. Qd4 Kf8 $2 (33... Bd7) 34. d7 $18 Ke7 {[%cal Re6d7]} 35. Qb4+ $1 Kf7 {intending ...Qc7.} 36. Qd6 Ba2 37. Be2 Bb3 38. Bh5+ (38. f4 $142) 38... Kg8 $2 (38... g6) 39. Qc6 {Intending Qc8 and mate.} Kf8 40. Qd6+ $2 ({Much less strong is} 40. Qe4 $6 Bf7) (40. Be8) 40... Kg8 41. Bg4 (41. Bg6 $142) 41... Bf7 (41... g6 {was necessary.} 42. Qa3 Bf7) 42. Bf5 h5 $2 (42... g6 43. Bd3 h5) 43. h4 g6 44. Bd3 Kg7 45. Bb5 Bg8 (45... Ba2 $142 46. Bd3 Kf7) 46. Qc6 {Hoping for Qc8.} Kf8 47. Qd6+ Kg7 48. Bd3 Bf7 49. Be4 b5 (49... Kg8 $142 50. g3 Kg7) 50. Bd3 (50. Qc6 $142 Qa5 51. Qc5) 50... b4 51. Bb5 $2 (51. Qc6 Qa5 52. Qa6) 51... b3 52. Qd4 $2 (52. Bd3 $18) 52... Kf8 $2 {[%mdl 8192]} (52... Be6 $11) 53. Bd3 $2 (53. Qc5+ Kg7 54. Qc8 Qxd7 55. Qxd7) 53... Kg7 {[#]} 54. Kh2 $2 {[#]} ({Only move:} 54. Qd6 $1 $18) 54... b2 ({Better is} 54... Be6 $1 $17 55. Qe4 Bf5) 55. Qxb2 {Black must now prevent Qd4.The position is equal.} Qxd7 {And now ...Qd6+ would win.} 56. Qe2 Qd6+ 57. g3 Qc5 58. Qf3 Qd4 59. Be2 Bd5 60. Qe3 Qxe3 61. fxe3 $11 {[%mdl 4096] Endgame KB-KB} Be4 62. Kg1 Kf7 63. Bc4+ Ke7 64. Kf2 Kd6 65. Bf7 Ke5 66. Ke2 Kf5 67. Kf2 Bd3 68. Be8 Be4 69. Bd7+ Ke5 70. Bc8 Bf5 71. Bb7 Be4 72. Ba6 (72. Bxe4 {looks sharper.} Kxe4 73. Ke2 g5 74. hxg5 fxg5) 72... Bd5 73. Bd3 Be4 74. Bc4 Bc2 75. Bb5 Kf5 76. Bd7+ Ke5 77. Bc6 Bd3 78. Be8 Bf5 79. Bf7 Be4 80. Be8 Bd3 81. Bc6 Kf5 82. Kf3 Ke5 83. Be8 Bc2 84. Bf7 Be4+ {Precision: White = 44%, Black = 37%.} 1/2-1/2

[Event "RUS-chT Blitz Men 2018"]
[Site "Sochi"]
[Date "2018.10.10"]
[Round "4"]
[White "Dubov, Daniil"]
[Black "Alekseenko, Kirill"]
[Result "0-1"]
[WhiteElo "2703"]
[BlackElo "2639"]
[Annotator "TA"]
[PlyCount "70"]
[EventDate "2018.10.10"]
[EventType "swiss"]
[EventCountry "RUS"]
[SourceTitle "playchess.com"]
[Source "ChessBase"]
[SourceQuality "1"]

{[%evp 15,70,30,18,18,49,46,58,53,56,31,18,28,49,45,36,22,129,0,49,-12,60,-53,-43,-104,-82,-70,-72,-77,-63,-87,-83,-68,-9,-37,-8,-8,-8,-8,-8,-8,-8,-68,-68,-68,-68,-78,-81,-274,-278,-734,-558,-702,-581,-797,-803,-29974,-29975]} 1. e4 c5 2. Nc3 d6 3. d4 cxd4 4. Qxd4 Nf6 (4... Nc6 5. Qd2 g6 6. b3 Bh6 7. f4 f5 8. Bb2 Nf6 9. Bd3 Qa5 10. exf5 Bxf5 11. Nge2 Bxd3 12. Qxd3 {1-0 (42) Nakamura,H (2769)-Grischuk,A (2766) Leuven 2018}) 5. b3 Nc6 6. Qd2 {B23: Sizilianisch (Geschlossenes System)} g6 7. Bb2 Bg7 8. O-O-O O-O {LiveBook: 4 Partien} 9. Kb1 a6 10. f3 b5 11. h4 $146 ({Vorgänger:} 11. g4) 11... h5 12. Nge2 Ne5 13. Nd5 Nxd5 14. exd5 Qc7 15. Ng3 Bd7 {[#]} (15... Qa7 $11 {bleibt in der Remisbreite.}) 16. Be2 (16. f4 $1 $16) 16... Rac8 17. Rc1 (17. Rhe1 $14) 17... a5 ({Günstiger ist} 17... Qb6 $11) 18. Ne4 (18. f4 $1 $14) 18... a4 $15 19. g4 (19. a3 $15) 19... hxg4 $17 20. fxg4 {Droht h5.} axb3 21. cxb3 Qa7 22. h5 Rxc1+ 23. Rxc1 Ra8 (23... Nxg4 $15 24. Bxg7 Kxg7 25. Bxg4 Bxg4) 24. a3 (24. Bd4 {is more complex.} Nf3 25. Bxa7 Nxd2+ 26. Nxd2 Rxa7 27. hxg6 fxg6 28. Bd3) 24... Nxg4 {[#] Droht stark ...Lxb2.} (24... gxh5 {seems wilder.} 25. gxh5 Bf5 26. Qf4 Bh7 27. Ka2 Nc4) 25. hxg6 $1 fxg6 {zielt auf ...Lxb2 ab.} 26. Bxg7 Kxg7 27. Bxg4 $1 Bxg4 28. Qb2+ (28. Rh1 $1 $11 Bh5 29. Qb2+ Kg8 30. Ka2) 28... Kg8 $1 $15 29. Rh1 {Droht Matt per Dh8+.} Bh5 {Und ...De3 würde nun gewinnen.} 30. Ka2 Qe3 $36 {[%mdl 2048] Läuft bei Schwarz.} 31. Nf2 $2 (31. Qg2 $17 Qf3 32. Qxf3 Bxf3 33. Re1) 31... Rf8 $19 32. Ng4 $2 (32. Rh2) 32... Qf3 33. Rh4 Qg3 34. Nh6+ Kh7 35. Rh1 Rf2 {Precision: Weiß = 29%, Schwarz = 53%.} 0-1

[Event "RUS-chT Blitz Men 2018"]
[Site "Sochi"]
[Date "2018.10.10"]
[Round "4"]
[White "Kamsky, Gata"]
[Black "Rozum, Ivan"]
[Result "1-0"]
[WhiteElo "2666"]
[BlackElo "2573"]
[Annotator "TA"]
[PlyCount "55"]
[EventDate "2018.10.10"]
[EventType "swiss"]
[EventCountry "RUS"]
[SourceTitle "playchess.com"]
[Source "ChessBase"]
[SourceQuality "1"]

{[%evp 16,55,63,50,79,79,80,75,93,85,97,71,99,88,107,92,95,91,307,234,634,660,918,898,870,769,1124,1092,1202,756,1428,826,1966,1053,1151,1121,1361,1366,1332,1341,1293,1304]} 1. d4 Nf6 2. Nf3 c5 3. d5 g6 4. Nc3 Bg7 5. e4 d6 6. Bc4 O-O 7. O-O Bg4 {A43: Schmid Benoni} 8. h3 Bxf3 9. Qxf3 {LiveBook: 31 Games} Na6 {White is slightly better.} (9... Nfd7 10. Qe2 Ne5 11. Bb3 Na6 12. a4 Nc7 13. a5 Rb8 14. Bg5 Bf6 15. Bd2 {1-0 (39) Meier,G (2644)-Klein,D (2508) Jerusalem 2017}) 10. Qe2 Nc7 11. a4 Nd7 12. Bg5 Re8 $146 ({Predecessor:} 12... Ne5 13. Ba2 h6 14. Be3 a6 15. f4 {½-½ (32) Belov,V (2389)-Riazantsev,A (2442) Moscow 2000}) 13. Kh1 b6 14. f4 {[%cal Bf2f4,Bf4f5][%mdl 32]} Qc8 15. Rad1 a6 16. e5 dxe5 $2 {[#]} (16... f6 $16 {was worth a try.}) 17. f5 Nf6 $2 (17... b5) 18. d6 $18 {White is clearly winning.} exd6 19. fxg6 hxg6 20. Bxf6 Ne6 21. Rxd6 Nf4 22. Qf3 Qf5 23. Ne4 b5 24. Bxg7 Kxg7 25. Rf6 Qxf6 26. Nxf6 Kxf6 27. Bd5 Rad8 28. g3 {Precision: White = 56%, Black = 24%.} 1-0

[Event "RUS-chT Blitz Men 2018"]
[Site "Sochi"]
[Date "2018.10.10"]
[Round "4"]
[White "Malakhov, Vladimir"]
[Black "Khanin, Semen"]
[Result "1-0"]
[WhiteElo "2661"]
[BlackElo "2510"]
[Annotator "TA"]
[PlyCount "155"]
[EventDate "2018.10.10"]
[EventType "swiss"]
[EventCountry "RUS"]
[SourceTitle "playchess.com"]
[Source "ChessBase"]
[SourceQuality "1"]

{[%evp 9,155,30,24,18,32,16,65,77,62,59,50,40,74,56,60,47,61,66,70,44,98,94,92,93,126,60,121,129,199,59,127,30,40,-7,0,-5,171,198,180,170,154,131,254,0,0,0,0,0,0,0,0,0,0,0,26,31,242,39,110,-25,118,48,405,405,330,31,34,19,20,23,1171,1178,1020,999,997,241,215,113,107,-95,-81,-917,0,0,0,0,681,644,1351,1341,938,747,720,594,704,633,566,435,840,824,693,703,871,529,672,511,700,673,29975,267,29980,29976,29976,29977,29953,4566,862,145,149,136,154,0,162,162,178,0,200,127,279,271,315,330,29982,195,195,185,191,0,90,90,170,171,279,279,293,293,29990,29991]} 1. Nf3 d5 2. e3 g6 3. c4 Nf6 4. cxd5 Nxd5 5. d4 Bg7 6. Be2 {A06: Réti Opening:1 Nf3 d5} (6. e4 Nf6 7. Nc3 O-O 8. Be2 Bg4 9. O-O c6 10. Be3 Nbd7 {1-0 (64) Vidit,S (2718)-Andriasian,Z (2591) chess.com INT 2018}) 6... O-O 7. O-O b6 8. e4 {White is slightly better.} Nf6 9. Nc3 Bb7 10. Qc2 Nbd7 11. Rd1 e6 $146 ({Predecessor:} 11... Qc8 12. Bg5 c5 13. d5 {1-0 (38) Khalifman,A (2617)-Nasuta,G (2454) St Petersburg 2016}) 12. h3 Rc8 13. Bf4 $36 {[%mdl 2048] White fights for an advantage.} Qe7 14. Rac1 Nh5 (14... c5 $14) 15. Bg5 $16 f6 16. Bd2 f5 17. Bc4 (17. e5 $16) 17... fxe4 (17... Kh8 $1 $14) 18. Nxe4 Bd5 (18... Nf4 $16) 19. Be3 (19. Neg5 $18) 19... c6 (19... Ndf6 $14 20. Bg5 Qe8 21. Bxd5 Nxd5) 20. Nfd2 (20. Re1 $16) 20... Nf4 21. Nf1 Qh4 22. Bxd5 cxd5 $2 (22... exd5 $11 23. Nd6 Rcd8) 23. Qxc8 $18 Rxc8 24. Rxc8+ Nf8 25. Nc3 Bh6 (25... h5 $16 {is a better defense.} 26. Ng3 Nxh3+ 27. gxh3 Qxh3) 26. Ng3 $2 (26. Re1 $18) 26... Nxh3+ $1 $11 27. gxh3 Bxe3 28. Nce2 Bh6 29. Kg2 Qe7 30. Rd3 e5 31. dxe5 Qxe5 32. b3 Qb2 $2 (32... Qe6 $14 33. Rd8 Qc6) 33. a4 $2 ({Less strong is} 33. Rxd5 Qxa2 34. Nd4 Bg7 $16) (33. Nc3 $18) 33... Bg7 (33... Qe5 $14) 34. Rd8 ({Reject} 34. Rxd5 $6 Qxb3 35. Nf4 Qxa4 $11) (34. Nf4 $1 $16) 34... d4 (34... h5 $11 35. Re3 Bh6) 35. Nxd4 (35. Nf4 $1 $16) 35... Bxd4 $4 {[%mdl 8192]} (35... Bf6 $14 36. Ne6 Bxd8 37. Rxd8 Kf7 38. Nxf8 Ke7) 36. R3xd4 $18 Kg7 37. Rd3 $2 ({White should play} 37. Rf4 $18) 37... Ne6 $14 38. R8d7+ Kh6 $1 {And now ...Nf4+ would win.} 39. Rf3 Ng5 $2 {[%mdl 8192]} (39... Qe5 $11) 40. Rf4 $18 {[%cal Rf4h4]} Ne6 41. Rh4+ Kg5 42. Rg4+ $2 (42. Ne4+ Kf5 43. Rd5+ Qe5 44. Nd6+ Kf6 45. Rxe5 Kxe5 46. Nc4+ Kd5 47. Rxh7) 42... Kf6 43. Rxa7 ({White should try} 43. Ne4+ $18 Ke5 44. Re7 (44. Rxh7 Nf4+ 45. Kg3 Qxb3+ 46. f3 Ne2+ 47. Kh2 Nd4 $16)) 43... g5 $16 44. Rxh7 $2 (44. Nh5+ $16 {stays on course.} Kg6 45. Re7) 44... Nf4+ $17 45. Kg1 $2 {[%mdl 8192]} (45. Rxf4+ $17 gxf4 46. Nf1) 45... Qc1+ $2 (45... Qb1+ $19 46. Nf1 Qxh7) 46. Kh2 $11 Qc2 $1 {[%cal Rc2f2]} 47. Nh5+ Ke5 $2 {[%mdl 8192]} (47... Kg6 $11 48. Nxf4+ Kxh7 49. Rxg5 Qxb3) 48. Rxg5+ $18 Kd4 49. Rd7+ Ke4 50. Nxf4 Kxf4 {[%mdl 4096] Endgame KQ-KRR} 51. Rg2 Qxb3 52. Rd4+ Ke5 53. Rdg4 Kf5 (53... Qf7 $142 54. h4 Qh7) 54. h4 {[%cal Bh3h4,Bh4h5][%mdl 32]} Qb2 55. h5 Qe5+ 56. Kh3 {Intending Rg5+ and mate.} Qc3+ 57. R4g3 Qh8 {[%cal Rh8h5]} 58. Rg5+ Kf4 59. R5g4+ $2 (59. R2g4+ Kf3 60. Rf5+ Ke2 61. Kg2 Kd3 62. Rd5+ Kc3 63. Rb5 Qe8 64. Rg6) 59... Kf3 $2 (59... Kf5 $18 60. Rg5+ Kf4) 60. R2g3+ Kxf2 61. Rf4+ Ke2 62. Rg5 (62. Rg2+ $142 Ke1 63. Rg5 Qc3+ 64. Kh4 Qc6 65. Rgf5 Kd2 66. Rf2+ Kd1 67. Kg5) 62... Ke3 63. Rfg4 $2 (63. Rh4 $18 {has better winning chances.} Qh6 64. Rg3+ Kd2 65. Kh2) 63... Qf6 $16 64. Rg3+ Ke4 65. R5g4+ $2 ({Better is} 65. Kg2 $16) 65... Ke5 $2 (65... Kd5 $1 $11 {and Black has nothing to worry.}) 66. Re3+ $18 Kd5 67. Kg3 $2 (67. Rge4 $1 $18) 67... Kc5 $2 (67... Qf5 $1 $11) 68. Ree4 Qc3+ $2 (68... b5 $16 {was called for.} 69. axb5 Kxb5) 69. Kh4 $1 {aiming for Rc4+!} Qf6+ 70. Rg5+ Kc6 $2 {[#]} (70... Kd6 $18 71. Kg4 Qa1) 71. Kg4 $2 (71. Re6+ $1 {[%mdl 512] mates} Qxe6 72. Rg6 Qxg6 73. hxg6 Kc5 74. a5 $1 {[%mdl 512]} bxa5 75. g7 Kb4 76. g8=Q) 71... Kb7 72. Rg6 Qf1 {intending ...Qd1+.} 73. Ree6 $2 (73. Re7+ $18 Ka6 74. h6) 73... Qd1+ {[#]} (73... Qg1+ $11 74. Kh4 Qh1+ 75. Kg5 Qc1+ 76. Kf6 Qc3+ 77. Re5 Qd4 78. Rg7+ Ka6) 74. Kg5 $1 $16 Qd2+ {[#]} 75. Kf6 $1 {Strongly threatening h6.} Qf4+ (75... Qc3+ {was worth a try.} 76. Re5 Qd4 77. Rg7+ Ka6) 76. Kg7 $18 Qd4+ 77. Kh7 Qd7+ $2 (77... Ka6 $18 78. Rxb6+ Ka5) 78. Rg7 {Precision: White = 26%, Black = 26%.} 1-0

[Event "RUS-chT Blitz Men 2018"]
[Site "Sochi"]
[Date "2018.10.10"]
[Round "4"]
[White "Zvjaginsev, Vadim"]
[Black "Bocharov, Ivan"]
[Result "1-0"]
[WhiteElo "2644"]
[BlackElo "2563"]
[Annotator "TA"]
[PlyCount "113"]
[EventDate "2018.10.10"]
[EventType "swiss"]
[EventCountry "RUS"]
[SourceTitle "playchess.com"]
[Source "ChessBase"]
[SourceQuality "1"]

{[%evp 12,113,-10,9,21,18,34,22,25,-30,0,0,0,0,49,-54,-38,-49,9,-15,-26,-32,-13,-13,20,0,86,86,102,87,108,91,119,114,204,191,177,165,292,281,405,400,440,321,290,289,268,227,196,131,242,39,124,25,35,16,72,0,0,0,51,64,62,55,266,262,687,687,602,573,12833,12834,12835,12836,12839,12837,12841,12839,12839,12835,12836,12831,12840,12840,12850,12850,12850,12851,12851,12851,12851,12851,12851,12851,12851,12851,12851,12851,12851,12851,12851,29987,12851,29988]} 1. e4 e5 2. Nf3 Nc6 3. g3 Nf6 4. d3 d5 5. exd5 Qxd5 6. Bg2 {C44: Ponziani Opening and Scotch Gambit} Bg4 7. h3 {LiveBook: 3 Games} Bh5 (7... Be6 {is more complex.} 8. Nc3 Qd7 9. Ng5 Bf5 10. g4 Bg6) 8. Nc3 {The position is equal.} Qd7 9. O-O O-O-O 10. g4 $146 ({White should try} 10. Re1) ({Predecessor:} 10. Re1 Bd6 11. g4 Bg6 12. Nh4 {1-0 (37) Bauer,C (2631)-Clery,N (2387) Cappelle-la-Grande 2016}) 10... Bg6 (10... Nxg4 $5 11. hxg4 Qxg4 $16) 11. Be3 h5 12. g5 $1 {[%cal Rg5f6]} Ng8 13. a3 (13. Nh4 $14) 13... Bf5 $15 14. Kh2 $1 Bg4 (14... Nge7 $15) 15. hxg4 hxg4+ 16. Kg1 {Black must now prevent Nh2.} gxf3 17. Qxf3 Nge7 18. Qxf7 Qg4 (18... Kb8 $1 $11) 19. Qf3 $1 $16 {[%cal Rf3g4]} Qh4 {[%csl Gh8][%cal Rh4h2]} 20. Rfe1 g6 21. b4 $36 {[%cal Bb2b4,Bb4b5][%mdl 2080] Black is under strong pressure.} Nf5 22. b5 $1 {[%cal Rb5c6]} Qh2+ (22... Na5 $16 {was called for.} 23. Ne4 (23. Bxa7 Qxg5 24. Be3 Qh4 $16) 23... Nxe3 24. Rxe3 (24. Qxe3 Kb8 $16) 24... Qh2+ 25. Kf1 Qf4 26. Qxf4 exf4) 23. Kf1 $18 Na5 24. Bxa7 Rh4 (24... Be7 {might work better.} 25. Nd5 Bxg5) 25. Re4 Bd6 (25... Rf4 $142 26. Qh3 Qxh3 27. Bxh3 b6) 26. Rxh4 Qxh4 27. Re1 Qxg5 28. Ne4 Qe7 29. Nxd6+ Qxd6 30. Qe4 (30. Be3 $18) 30... Re8 (30... b6 $16 31. a4 (31. Qxe5 Qxe5 32. Rxe5 Nd4 $16) 31... Re8) 31. Qb4 $2 (31. Be3 $18) 31... b6 $14 {[#]} 32. Qxd6 (32. Qe4 $1 $16) 32... Nxd6 $11 33. a4 g5 {[#]} (33... e4 $1 $11) 34. Bc6 (34. c4 $1 $16) 34... Nxc6 35. bxc6 {[%mdl 4096] Endgame KRB-KRN} Kd8 ({Better is} 35... e4 $11) 36. a5 $14 bxa5 37. Bc5 Ke7 $2 (37... e4 $14) 38. Rxe5+ $18 Kf7 $2 (38... Kf6 39. Rd5 Ra8) 39. Bxd6 cxd6 40. Rxa5 {KR-KR} Rc8 41. Rxg5 Rxc6 42. c4 Ra6 43. Ke2 Ke6 44. Ke3 Ra1 45. Rg6+ Kd7 46. Kd4 Rf1 47. Kd5 Rxf2 48. Rg7+ Kc8 49. Kxd6 Rf4 50. Kc6 Rf6+ 51. Kc5 Rh6 52. d4 {[%cal Bd3d4,Bd4d5,Bd5d6][%mdl 32]} Kd8 53. d5 Rf6 54. d6 Rf4 55. Kd5 Rf5+ 56. Kc6 (56. Ke6 $18 Rf8 57. Ra7 Re8+ 58. Kd5) 56... Rf8 57. Ra7 {Precision: White = 57%, Black = 28%.} (57. c5 $18 Kc8 58. Rc7+ Kd8 59. Rb7) 1-0

[Event "RUS-chT Blitz Men 2018"]
[Site "Sochi"]
[Date "2018.10.10"]
[Round "4"]
[White "Rakhmanov, Aleksandr"]
[Black "Artemiev, Vladislav"]
[Result "0-1"]
[WhiteElo "2634"]
[BlackElo "2706"]
[Annotator "TA"]
[PlyCount "80"]
[EventDate "2018.10.10"]
[EventType "swiss"]
[EventCountry "RUS"]
[SourceTitle "playchess.com"]
[Source "ChessBase"]
[SourceQuality "1"]

{[%evp 17,80,7,20,0,23,16,22,5,10,-22,0,8,27,20,21,0,6,2,16,0,33,22,18,0,0,6,6,-16,-20,-58,-56,-57,-16,-56,-50,-112,0,0,0,-8,0,-55,-60,-62,-53,-58,-60,-443,-444,-383,-422,-858,-827,-1264,-1258,-1803,-1401,-29990,-29991,-29992,-29992,-29992,-29993,-29994,-29995]} 1. Nf3 d5 2. d4 Nf6 3. g3 c6 4. Bg2 Bg4 5. O-O Nbd7 6. Nbd2 e6 7. Re1 Be7 8. e4 O-O 9. c3 Rc8 {LiveBook: 30 Games} 10. Qe2 $146 {D02: 1 d4 d5 2 Nf3 sidelines, including 2...Nf6 3 g3 and 2...Nf6 3 Bf4} ({Predecessor:} 10. h3 Bh5 11. e5 Ne8 12. Nf1 c5 13. g4 Bg6 14. Ng3 b5 {½-½ (14) Mamedov,R (2639)-Akobian,V (2632) Arlington 2015}) 10... c5 11. exd5 Nxd5 12. h3 {The position is equal.} Bh5 13. Nb3 cxd4 (13... c4 $5 {[%cal Rc4b3]} 14. Nbd2 b5 $11) 14. Nbxd4 Bc5 15. g4 Bg6 16. Bg5 Qc7 17. Rad1 Rfe8 18. Nh4 N7f6 19. Nxg6 hxg6 20. Bxf6 (20. Nf3 {looks sharper.} Bd6 21. Ne5 Nh7 22. Bc1 Rcd8 23. f4) 20... Nxf6 21. Nb3 Bb6 22. Rd3 Rcd8 23. Red1 Rxd3 24. Qxd3 Qf4 25. Qf3 Qa4 26. Nc1 (26. Ra1 $15) 26... Qc2 (26... e5 $17 {White must now prevent ...e4.} 27. b3 Qa3 28. Qxb7 Qb2) 27. Qe2 $11 Qa4 $36 {[%mdl 2048] Black fights for an advantage.} 28. Bxb7 e5 {[%cal Be6e5,Be5e4,Be4e3,Be3f2][%mdl 32]} 29. b3 ({White should play} 29. b4 $11) 29... Qf4 $15 {[%mdl 1024] Hoping for ...e4. Black has compensation.} 30. Qf3 {[#] Qxf4 is the strong threat.} Qg5 $1 {And now ...e4 would win.} 31. Be4 Qh4 32. Bc6 $2 {[%mdl 8192]} (32. Nd3 $15) 32... e4 $19 33. Qg2 Re6 34. Bb5 (34. Bb7 $142 e3 35. Ne2 exf2+ 36. Kf1) 34... e3 {[%cal Re3f2]} 35. Be2 exf2+ 36. Kf1 Ne4 {[#] ( -> ...Ng3+)} 37. Rd3 Qg5 {Black mates.} 38. Rd1 Nd2+ 39. Rxd2 Qxd2 {[%csl Gf2][%cal Rd2e1]} 40. Qa8+ Kh7 {Precision: White = 23%, Black = 46%.} 0-1

[Event "RUS-chT Blitz Men 2018"]
[Site "Sochi"]
[Date "2018.10.10"]
[Round "4"]
[White "Paravyan, David"]
[Black "Triapishko, Alexandr"]
[Result "1-0"]
[WhiteElo "2629"]
[BlackElo "2508"]
[Annotator "TA"]
[PlyCount "47"]
[EventDate "2018.10.10"]
[EventType "swiss"]
[EventCountry "RUS"]
[SourceTitle "playchess.com"]
[Source "ChessBase"]
[SourceQuality "1"]

{[%evp 19,47,26,27,29,29,2,53,42,47,39,60,0,0,-50,170,110,226,207,225,219,375,347,585,543,997,985,1102,1079,1380,443]} 1. d4 Nf6 2. c4 g6 3. Nc3 d5 4. cxd5 Nxd5 5. e4 Nxc3 6. bxc3 Bg7 7. Nf3 c5 8. Bb5+ Bd7 9. Bxd7+ Nxd7 10. O-O O-O 11. Bg5 {[%cal Bc1g5,Bg5h4,Bh4g3][%mdl 32] D85: Exchange Grünfeld: Unusual White 7th moves and lines with 7 Nf3} (11. Rb1 Qc7 12. Bg5 e6 13. Qd2 Nb6 14. Rfd1 Rfe8 15. h4 Na4 16. h5 Qc6 17. h6 Bh8 18. Re1 f6 19. Bh4 {1-0 (48) Lenic,L (2637)-Volokitin,A (2722) Austria 2013}) 11... h6 12. Bh4 g5 $146 (12... cxd4 $11 13. cxd4 Nb6) ({Predecessor:} 12... cxd4 13. cxd4 Nb6 14. Rc1 Qd7 15. Ne5 Bxe5 16. dxe5 Qe6 17. Rc7 Rfd8 18. Qc1 g5 {½-½ (51) Kryakvin,D (2573)-Novik,M (2451) St Petersburg 2013}) 13. Bg3 $14 {White is slightly better.} Rc8 14. d5 {[%cal Bd4d5,Bd5d6,Bd6d7][%mdl 32]} c4 15. Rb1 ({Better is} 15. h4 $14) 15... Nc5 $11 16. Qe2 Na4 $2 (16... f5 $15 {keeps the upper hand.} 17. exf5 Qxd5) 17. Rxb7 $18 Nxc3 {[#]} (17... Qa5 $16) 18. Qc2 $1 f5 {Threatens to win with ...f4.} 19. d6 $1 {[%cal Rd6e7]} ({Weaker is} 19. exf5 Bf6 $16) 19... Rf7 $2 (19... exd6 20. Rxg7+ Kxg7 21. Qxc3+ Kg8) 20. d7 Ra8 $2 (20... f4 21. dxc8=B Qxc8) 21. exf5 {White is clearly winning.} Qf8 {[#]} 22. f6 $1 {[%mdl 512]} Bxf6 (22... exf6 23. Qxc3) 23. Ne5 Nd5 24. Qd1 {Precision: White = 47%, Black = 16%.} (24. Nxf7 $142 Qxf7 25. Bb8) 1-0